Statistics for Countries by Old Maps

Click here to take the quiz!

General Stats

  • This quiz has been taken 701 times
  • The average score is 10 of 15

Answer Stats

Answer% Correct
India
95%
Japan
88%
Norway
87%
Philippines
79%
Greece
76%
United States
76%
Brazil
64%
South Africa
63%
Turkey
59%
Australia
56%
Czech Republic
55%
Ireland
54%
Russia
50%
Madagascar
33%
Bahamas
31%

Score Distribution

Percentile by Number Answered

Percent of People with Each Score

Your Score History

You have not taken this quiz